Top 80 Länder nach Einwohner - Statistiken

Allgemein
  • Dieses Quiz wurde 8 mal gespielt
  • Das Durchschnittsergebnis liegt bei 58 aus 80
Antwortstatistiken
Anzahl Einwohner (2022) Länder % Korrekt
103'500'000 Ägypten
100%
46'200'000 Argentinien
100%
214'800'000 Brasilien
100%
1'436'600'000 China
100%
83'300'000 Deutschland
100%
65'800'000 Frankreich
100%
67'600'000 Grossbritannien
100%
1'417'200'000 Indien
100%
58'900'000 Italien
100%
124'900'000 Japan
100%
27'900'000 Kamerun
100%
38'800'000 Kanada
100%
26'200'000 Niger
100%
218'500'000 Nigeria
100%
26'100'000 Nordkorea
100%
144'300'000 Russland
100%
47'400'000 Spanien
100%
60'600'000 Südafrika
100%
51'600'000 Südkorea
100%
85'200'000 Türkei
100%
332'800'000 Vereinigte Staaten
100%
99'400'000 Vietnam
100%
41'100'000 Afghanistan
86%
44'900'000 Algerien
86%
25'800'000 Australien
86%
1'980'000 Chile
86%
99'000'000 Demokratische Republik Kongo
86%
275'500'000 Indonesien
86%
44'500'000 Irak
86%
88'600'000 Iran
86%
32'700'000 Malaysia
86%
127'500'000 Mexiko
86%
33'400'000 Peru
86%
115'600'000 Philippinen
86%
38'000'000 Polen
86%
19'000'000 Rumänien
86%
46'900'000 Sudan
86%
11'800'000 Tunesien
86%
41'000'000 Ukraine
86%
123'400'000 Äthiopien
71%
171'200'000 Bangladesch
71%
18'000'000 Ecuador
71%
49'100'000 Kolumbien
71%
22'600'000 Mali
71%
36'700'000 Marokko
71%
235'800'000 Pakistan
71%
36'700'000 Saudi-Arabien
71%
17'900'000 Senegal
71%
22'100'000 Syrien
71%
35'600'000 Angola
57%
12'200'000 Bolivien
57%
33'500'000 Ghana
57%
16'800'000 Kambodscha
57%
19'200'000 Kasachstan
57%
30'900'000 Nepal
57%
17'700'000 Niederlande
57%
20'000'000 Sambia
57%
16'300'000 Simbabwe
57%
17'600'000 Somalia
57%
22'400'000 Sri Lanka
57%
65'500'000 Tansania
57%
66'800'000 Thailand
57%
47'200'000 Uganda
57%
35'600'000 Usbekistan
57%
28'200'000 Elfenbeinküste
43%
17'800'000 Guatemala
43%
54'000'000 Kenia
43%
29'600'000 Madagaskar
43%
20'400000 Malawi
43%
33'000'000 Mosambik
43%
54'200'000 Myanmar
43%
13'800'000 Ruanda
43%
23'200'000 Taiwan
43%
17'700'000 Tschad
43%
28'300'000 Venezuela
43%
13'400'000 Benin
29%
22'700'000 Burkina Faso
29%
13'900'000 Guinea
29%
12'900'000 Burundi
14%
33'700'000 Jemen
14%
Keine übereinstimmenden Quizze gefunden
Verteilung der Resultate
Anzahl Personen mit jedem Resultat
Perzentil nach korrekt beantworteten Fragen
Ihre Resultats-Entwicklung
Sie haben dieses Quiz noch nicht gespielt